000 01463nam a22005050a 4500
001 PT35257
003 AR-LpoUNG
005 20260115124808.0
008 201001s2009||||ag |||||||||||||||||spa d
020 _a9789879017845
_c$6.80
040 _aAR-LpoUNG
_bspa
_eaacr
041 0 _aspa
044 _aag
082 0 _a334.01 663eco
100 1 _aHinkelammert, Franz J.
245 1 0 _aEconomía, sociedad y vida humana :
_bpreludio a una segunda crítica de la economía política
250 _a1ra. ed.
260 _aBuenos Aires :
_bUniversidad Nacional de General Sarmiento - Altamira,
_c2009.
300 _a460 p. :
_bil.
490 0 _aLecturas de Economía Social
650 4 _aAMERICA LATINA
650 4 _aARGENTINA
650 4 _aASPECTOS PSICOLOGICOS
650 4 _aASPECTOS SOCIALES
650 4 _aAUTOGESTION DE TRABAJADORES
650 4 _aCONSUMO
650 4 _aCOOPERATIVAS
650 4 _aDISTRIBUCION
650 4 _aDIVISION DEL TRABAJO
650 4 _aECONOMIA
650 4 _aESTUDIOS DE CASOS
650 4 _aGLOBALIZACION
650 4 _aMARXISMO
650 4 _aMERCADO
650 4 _aMICROECONOMIA
650 4 _aPLANIFICACION ECONOMICA
650 4 _aTEORIA ECONOMICA
650 4 _aTRABAJO SOCIAL
653 0 _aECONOMIA SOCIAL
653 0 _aECONOMIA SOLIDARIA
700 1 _aMora Jiménez, Henry
856 4 0 _uhttps://repositorio.ungs.edu.ar/handle/UNGS/950
_yTexto completo
905 _a35257
942 _cLIB
_2ddc
999 _c50637
_d50637